000 00665nam a2200265Ia 4500
005 20260121165039.0
008 008 260114s9999 xx 000 0 eng d
020 _a9781137539182
037 _aEBOOK
040 _aCRL
040 _beng
040 _cCRL
041 _2eng
041 _aeng
084 _qCRL
100 _aFrank Jacob, Gilmar Visoni-Alonzo
_91046865
245 4 _aThe Military Revolution in Early Modern Europe
260 _bSpringer
260 _bSpringer
260 _c2016
856 _uhttps://link.springer.com/openurl?genre=book&isbn=978-1-137-53918-2
942 _cEBOOK
999 _c1612590
_d1612590